| 000 | 00374nam a2200133Ia 4500 | ||
|---|---|---|---|
| 008 | 151015s9999 xx 000 0 und d | ||
| 020 | _a7283076 | ||
| 245 | _aHaag,Stephen. | ||
| 250 | _a_Microsoft office access 2003 Stephen Haag | ||
| 300 | _aNew York McGraw-Hill 2004 | ||
| 500 | _aIncludes index. | ||
| 650 | _a_Microsoft Access | ||
| 700 | _a^d20120830 12:59:39^oanne | ||
| 999 |
_c3755 _d3755 |
||